000 00448nam a2200157 4500
008 020529s1994 enk 0 engYA
020 _a0805411569
090 0 _aBT50
_bW58w
100 1 _aWhite, James Emery
245 1 0 _aWhat is truth? /
_cJames Emery White
260 _aTennessee :
_bBroadman & Holman,
_c1994.
300 _aviii, 240 p.
650 4 _aTruth
951 _p17102
_x00013306
_oBT50/W58w
_j070613111116031
_d2000-12-21
_cGC
999 _c6320
_d6320
942 0 0 _01